00304nam a2200121Ia 450000500170000000800410001708200130005810000220007124500260009326000380011930000120015765000130016920250514013645.0240331s9999 xx 000 0 und d a294bJAY aJayathilake , D.B 0aSaddhrma Rathnawaliya aColombobM.D.Gunasena Booksc1979 a69 p ., aBuddisum